|
|
|
|
| LEADER |
00000cam a2200000 7i4500 |
| 001 |
0000093823 |
| 005 |
20240521091258.0 |
| 020 |
|
|
|a 9789672888383 (
|q paperback)
|
| 040 |
|
|
|e rda
|
| 041 |
|
|
|a Malay
|
| 090 |
0 |
0 |
|a 899.2313
|b ANT
|
| 245 |
1 |
0 |
|a Antologi puisi suara jiwa
|
| 264 |
|
1 |
|a Johor :
|b Perbadanan Perpustakaan Awam Johor
|c 2023
|
| 300 |
|
|
|a 160 pages ;
|c 22 cm.
|
| 336 |
|
|
|a text
|2 rdacontent
|
| 337 |
|
|
|a unmediated
|2 rdamedia
|
| 338 |
|
|
|a volume
|2 rdacarrier
|
| 541 |
|
|
|c Buku terbitan PPAJ
|
| 650 |
|
0 |
|a Malay poetry
|
| 650 |
|
0 |
|a Poetry
|
| 730 |
0 |
|
|a Title
|
| 999 |
|
|
|a 0001755927
|b Book
|c Adult Collection
|e Perbadanan Perpustakaan Awam Johor
|
| 999 |
|
|
|a 0001755928
|b Book
|c Adult Collection
|e Cawangan Urban Transformation Centre
|
| 999 |
|
|
|a 0001755929
|b Book
|c Adult Collection
|e Cawangan AEON Kulaijaya
|
| 999 |
|
|
|a 0001755930
|b Book
|c Adult Collection
|e Cawangan Batu Pahat
|
| 999 |
|
|
|a 0001755931
|b Book
|c Adult Collection
|e Cawangan Tmn. Ungku Tun Aminah
|
| 999 |
|
|
|a 0001755932
|b Book
|c Adult Collection
|e Cawangan Bandar Tenggara
|
| 999 |
|
|
|a 0001755933
|b Book
|c Adult Collection
|e Cawangan Taman Sri Lambak
|
| 999 |
|
|
|a 0001755934
|b Book
|c Adult Collection
|e Cawangan Kota Tinggi
|
| 999 |
|
|
|a 0001755935
|b Book
|c Adult Collection
|e Cawangan Bandar Penawar
|
| 999 |
|
|
|a 0001755936
|b Book
|c Adult Collection
|e Perbadanan Perpustakaan Awam Johor
|
| 999 |
|
|
|a 0001755937
|b Book
|c Adult Collection
|e Cawangan Tangkak
|
| 999 |
|
|
|a 0001755938
|b Book
|c Adult Collection
|e Cawangan Muar
|
| 999 |
|
|
|a 0001755939
|b Book
|c Adult Collection
|e Cawangan Bukit Gambir
|
| 999 |
|
|
|a 0001755940
|b Book
|c Adult Collection
|e Cawangan Segamat
|
| 999 |
|
|
|a 0001755941
|b Book
|c Adult Collection
|e Cawangan Pontian
|
| 999 |
|
|
|a 0001755942
|b Book
|c Adult Collection
|e Cawangan Mersing
|
| 999 |
|
|
|a 0001757013
|b Book
|c Adult Collection
|e Desa - PPAJ
|
| 999 |
|
|
|a 0001757014
|b Book
|c Adult Collection
|e Desa - PPAJ
|
| 999 |
|
|
|a 0001757015
|b Book
|c Adult Collection
|e Desa - PPAJ
|
| 999 |
|
|
|a 0001757016
|b Book
|c Adult Collection
|e Desa - PPAJ
|
| 999 |
|
|
|a 0001757017
|b Book
|c Adult Collection
|e Desa - PPAJ
|
| 999 |
|
|
|a 0001757018
|b Book
|c Adult Collection
|e Desa - PPAJ
|
| 999 |
|
|
|a 0001757019
|b Book
|c Adult Collection
|e Desa - PPAJ
|
| 999 |
|
|
|a 0001757020
|b Book
|c Adult Collection
|e Desa - PPAJ
|
| 999 |
|
|
|a 0001757021
|b Book
|c Adult Collection
|e Desa - PPAJ
|
| 999 |
|
|
|a 0001757022
|b Book
|c Adult Collection
|e Desa - PPAJ
|
| 999 |
|
|
|a 0001757023
|b Book
|c Adult Collection
|e Desa - PPAJ
|
| 999 |
|
|
|a 0001757024
|b Book
|c Adult Collection
|e Desa - PPAJ
|
| 999 |
|
|
|a 0001757025
|b Book
|c Adult Collection
|e Desa - PPAJ
|
| 999 |
|
|
|a 0001757026
|b Book
|c Adult Collection
|e Desa - PPAJ
|
| 999 |
|
|
|a 0001757027
|b Book
|c Adult Collection
|e Desa - PPAJ
|
| 999 |
|
|
|a 0001757028
|b Book
|c Adult Collection
|e Desa - PPAJ
|
| 999 |
|
|
|a 0001757029
|b Book
|c Adult Collection
|e Desa - PPAJ
|
| 999 |
|
|
|a 0001757030
|b Book
|c Adult Collection
|e Desa - PPAJ
|
| 999 |
|
|
|a 0001757031
|b Book
|c Adult Collection
|e Desa - PPAJ
|
| 999 |
|
|
|a 0001757032
|b Book
|c Adult Collection
|e Desa - PPAJ
|
| 999 |
|
|
|a 0001757033
|b Book
|c Adult Collection
|e Desa - PPAJ
|
| 999 |
|
|
|a 0001757034
|b Book
|c Adult Collection
|e Desa - PPAJ
|
| 999 |
|
|
|a 0001757035
|b Book
|c Adult Collection
|e Desa - PPAJ
|
| 999 |
|
|
|a 0001757036
|b Book
|c Adult Collection
|e Desa - PPAJ
|
| 999 |
|
|
|a 0001757037
|b Book
|c Adult Collection
|e Desa - PPAJ
|
| 999 |
|
|
|a 0001757038
|b Book
|c Adult Collection
|e Desa - PPAJ
|
| 999 |
|
|
|a 0001757039
|b Book
|c Adult Collection
|e Desa - PPAJ
|
| 999 |
|
|
|a 0001757040
|b Book
|c Adult Collection
|e Desa - PPAJ
|
| 999 |
|
|
|a 0001757041
|b Book
|c Adult Collection
|e Desa - PPAJ
|
| 999 |
|
|
|a 0001757042
|b Book
|c Adult Collection
|e Desa - PPAJ
|
| 999 |
|
|
|a 0001757043
|b Book
|c Adult Collection
|e Desa - PPAJ
|
| 999 |
|
|
|a 0001757044
|b Book
|c Adult Collection
|e Desa - PPAJ
|
| 999 |
|
|
|a 0001757045
|b Book
|c Adult Collection
|e Desa - PPAJ
|
| 999 |
|
|
|a 0001757046
|b Book
|c Adult Collection
|e Desa - PPAJ
|
| 999 |
|
|
|a 0001757047
|b Book
|c Adult Collection
|e Desa - PPAJ
|
| 999 |
|
|
|a 0001757048
|b Book
|c Adult Collection
|e Desa - PPAJ
|
| 999 |
|
|
|a 0001757049
|b Book
|c Adult Collection
|e Desa - PPAJ
|
| 999 |
|
|
|a 0001757050
|b Book
|c Adult Collection
|e Desa - PPAJ
|
| 999 |
|
|
|a 0001757051
|b Book
|c Adult Collection
|e Desa - PPAJ
|
| 999 |
|
|
|a 0001757052
|b Book
|c Adult Collection
|e Desa - PPAJ
|
| 999 |
|
|
|a 0001757053
|b Book
|c Adult Collection
|e Desa - PPAJ
|
| 999 |
|
|
|a 0001757054
|b Book
|c Adult Collection
|e Desa - PPAJ
|